[Event "WJCC U20 Open 2019"]
[Site "New Delhi"]
[Date "2019.10.15"]
[Round "1"]
[White "Shtembuliak, Evgeny"]
[Black "Rakesh Kumar Jena"]
[Result "1-0"]
[WhiteElo "2577"]
[BlackElo "2355"]
[Annotator "ChessBase"]
[PlyCount "187"]
[EventDate "2019.??.??"]
[EventCountry "IND"]
[SourceTitle "playchess.com"]
[Source "ChessBase"]
[SourceQuality "1"]
[TimeControl "40/5400+30:1800+30"]

1. c4 e6 2. Nc3 d5 3. d4 Bb4 4. Nf3 Nf6 5. cxd5 exd5 6. Qa4+ Nc6 7. Bg5 O-O 8. e3 h6 9. Bxf6 Qxf6 10. Be2 Qg6 11. O-O Bh3 12. Ne1 Rfd8 13. Bd3 Bf5 14. Bxf5 Qxf5 15. Rc1 a6 16. Qc2 Qxc2 17. Rxc2 Ne7 18. Nd3 Bd6 19. Na4 b6 20. Rfc1 Rab8 21. a3 a5 22. g3 f6 23. Kg2 Kf7 24. Nc3 c6 25. Ne2 g5 26. g4 h5 27. gxh5 Rh8 28. Ng3 Bxg3 29. hxg3 Rxh5 30. b4 g4 31. bxa5 bxa5 32. Rb2 Rxb2 33. Nxb2 Rh8 34. Nd3 Rb8 35. Rc3 Rb1 36. Nc5 Rb2 37. Kf1 Nf5 38. Rb3 Rxb3 39. Nxb3 a4 40. Na5 Nd6 41. Nxc6 Nc4 42. Nd8+ Ke7 43. Nb7 Nxa3 44. Nc5 Nc4 45. Nxa4 Nd2+ 46. Ke2 Nf3 47. Nc3 Ke6 48. Nb1 Ng5 49. Nd2 f5 50. Nb3 Ne4 51. Nc5+ Kd6 52. Nd3 Ng5 53. Ne5 Ke6 54. Kf1 Ne4 55. Kg2 Nc3 56. Ng6 Nd1 57. Nf4+ Kd6 58. Nh5 Ke6 59. Kf1 Nc3 60. Nf4+ Kd6 61. Nd3 Ne4 62. Kg2 Nc3 63. Nb2 Ne4 64. Kf1 Ke6 65. Ke2 Nc3+ 66. Ke1 Ne4 67. Nd3 Kd6 68. Kd1 Kd7 69. Kc2 Kc6 70. Kb3 Kb5 71. Nb4 Nf6 72. Na2 Kc6 73. Nc3 Ne8 74. Ka4 Nd6 75. Kb4 Ne8 76. Ka5 Nd6 77. Ka6 Nc4 78. Ne2 Nd2 79. Nf4 Ne4 80. Nd3 Nd2 81. Nb4+ Kd6 82. Kb7 Ne4 83. Nd3 Ng5 84. Kc8 Nf7 85. Nf4 Kc6 86. Nh5 Kd6 87. Ng7 Ke7 88. Kc7 Nd6 89. Kc6 Ne4 90. Kxd5 Kf6 91. Nh5+ Kg5 92. Nf4 Nxf2 93. Ke6 Ne4 94. Ne2 1-0

[Event "WJCC U20 Open 2019"]
[Site "New Delhi"]
[Date "2019.10.15"]
[Round "1"]
[White "Vatsal Singhania"]
[Black "Davtyan, Artur"]
[Result "0-1"]
[WhiteElo "2157"]
[BlackElo "2418"]
[Annotator "NA"]
[PlyCount "197"]
[EventDate "2019.??.??"]
[EventCountry "IND"]
[SourceTitle "playchess.com"]
[Source "ChessBase"]
[SourceQuality "1"]
[TimeControl "40/5400+30:1800+30"]

1. e4 e5 2. Nf3 Nc6 3. Bc4 Bc5 4. O-O Nf6 5. d3 O-O 6. c3 d6 7. Nbd2 a5 8. Re1 Be6 9. Bb5 Qb8 10. Nf1 Qa7 11. Be3 Bxe3 12. Nxe3 Ne7 13. d4 Nxe4 14. Bd3 exd4 15. Bxe4 dxe3 16. Rxe3 Nf5 17. Re2 Rae8 18. Ng5 g6 19. Nxe6 fxe6 20. Qb3 d5 21. Bf3 c6 22. Rae1 Rf6 23. Bg4 Nd6 24. Qc2 Ne4 25. h4 Qc5 26. c4 Rf4 27. Bf3 Ng3 28. Rxe6 Rxe6 29. Rxe6 Kf7 30. Re3 Rxc4 31. Qb3 Rb4 32. Rc3 Qd6 33. Qc2 Nf5 34. g3 Qe5 35. a3 Rd4 36. Qb3 Qe1+ 37. Kg2 Rd2 38. Qxb7+ Ne7 39. Bxd5+ Kg7 40. Rf3 cxd5 41. Qb8 Ng8 42. Qc7+ Kh8 43. Rf7 Qe4+ 44. Kh2 g5 45. hxg5 Rd1 46. f3 Qe2+ 47. Kh3 Rh1+ 48. Kg4 Qxb2 49. Kf5 a4 50. Qe5+ Qxe5+ 51. Kxe5 Ne7 52. Kd6 Re1 53. Rf4 d4 54. Kc5 d3 55. Rd4 Re5+ 56. Kc4 Rxg5 57. Kxd3 Rxg3 58. Ke2 Rg2+ 59. Kd3 Ng6 60. Rxa4 h5 61. Ke3 Kg7 62. f4 Kh6 63. Ra6 Rg3+ 64. Kf2 Rg4 65. Ke3 h4 66. f5 h3 67. Kf3 h2 68. Kxg4 h1=Q 69. Rxg6+ Kh7 70. Kf4 Qc1+ 71. Ke5 Qe3+ 72. Kd5 Qxa3 73. Ke4 Qb4+ 74. Ke5 Qc5+ 75. Ke4 Qe7+ 76. Kf4 Qe2 77. Re6 Qf2+ 78. Kg4 Kg7 79. Rg6+ Kf7 80. Re6 Qg2+ 81. Kf4 Qd5 82. Rg6 Qd4+ 83. Kg5 Qe5 84. Kg4 Qe4+ 85. Kg5 Qf3 86. Rf6+ Ke7 87. Re6+ Kd7 88. Kg6 Qg3+ 89. Kf6 Qg4 90. Ke5 Qf3 91. Rd6+ Kc7 92. Re6 Qg3+ 93. Ke4 Qg4+ 94. Ke5 Qf3 95. Kf6 Kd7 96. Kg5 Qg3+ 97. Kf6 Qh4+ 98. Ke5 Qg3+ 99. Kf6 0-1

[Event "WJCC U20 Open 2019"]
[Site "New Delhi"]
[Date "2019.10.15"]
[Round "1.1"]
[White "Tabatabaei, M.Amin"]
[Black "Aronyak, Ghosh"]
[Result "1/2-1/2"]
[WhiteElo "2642"]
[BlackElo "2380"]
[Annotator "RC"]
[PlyCount "101"]
[EventDate "2019.10.15"]
[EventType "swiss"]
[EventCountry "IND"]
[SourceTitle "playchess.com"]
[Source "ChessBase"]
[SourceQuality "1"]
[TimeControl "40/5400+30:1800+30"]

1. c4 c5 2. Nf3 Nf6 3. Nc3 g6 4. e4 Bg7 5. d4 cxd4 6. Nxd4 Nc6 7. Be3 Ng4 8. Qxg4 Nxd4 9. Qd1 e5 10. Bd3 d6 11. O-O O-O 12. Qd2 Be6 13. Rfd1 a6 14. b3 Qa5 15. Qb2 Rfc8 16. Rac1 Rc6 17. Nd5 Bxd5 18. cxd5 Rcc8 19. h4 Qd8 20. g3 Qd7 21. Rxc8+ Rxc8 22. Bxd4 exd4 23. Qe2 Rc3 24. Kg2 h5 25. f4 Qc7 26. Rf1 Rc1 27. Rxc1 Qxc1 28. e5 dxe5 29. fxe5 Qe3 30. Qxe3 dxe3 31. e6 Kf8 32. d6 fxe6 33. Bxg6 e2 34. Kf2 Be5 35. Kxe2 Bxg3 36. Bxh5 Bxd6 37. Bf3 b6 38. Kd3 a5 39. h5 Kg7 40. Kc4 Bc5 41. Bg4 Kh6 42. a4 Kg5 43. Bd1 Kh6 44. Kb5 Bg1 45. Bg4 Bf2 46. Bxe6 Kxh5 47. b4 axb4 48. Kxb4 Kg5 49. Kb5 Kf6 50. a5 bxa5 51. Kxa5 1/2-1/2

[Event "WJCC U20 Open 2019"]
[Site "New Delhi"]
[Date "2019.10.15"]
[Round "1.2"]
[White "Muthaiah, Al"]
[Black "Karthikeyan, Murali"]
[Result "*"]
[WhiteElo "2370"]
[BlackElo "2617"]
[Annotator "TA"]
[PlyCount "43"]
[EventDate "2019.10.15"]
[EventType "swiss"]
[EventCountry "IND"]
[SourceTitle "playchess.com"]
[Source "ChessBase"]
[SourceQuality "1"]

{[%evp 18,43,15,10,9,10,18,14,19,6,18,12,0,-3,7,14,7,-21,-23,-85,14,14,14,14,14,21,207,16]} 1. c4 Nf6 2. Nc3 g6 3. g3 c5 4. Bg2 Nc6 5. Nf3 Bg7 6. O-O d6 7. d3 O-O 8. Rb1 Ne8 9. Bd2 Nc7 10. a3 a5 {A38: Symmetrical English vs ...g6: 4 Bg2 Bg7 5 Nf3 Nf6} 11. Ne1 Bd7 12. Nc2 a4 {The position is equal.} (12... Rb8 13. b4 axb4 14. axb4 Nxb4 15. Nxb4 cxb4 16. Rxb4 b5 17. cxb5 Nxb5 18. Nxb5 Rxb5 19. Rxb5 Bxb5 20. Qb3 Bd7 21. Qb7 Qc8 22. Qa7 Rd8 23. Bg5 Bf6 24. Bxf6 exf6 {1-0 (89) Kovalenko,I (2684)-Borisek,J (2565) chess.com INT 2017}) 13. Na1 Na5 14. b4 $146 ({Predecessor:} 14. Nxa4 Nxc4 15. dxc4 Bxa4 16. b3 Bc6 17. Bxc6 bxc6 {0-1 (45) Dietze,W-Balcerowski,W Polanica Zdroj 1970}) 14... axb3 $1 15. Nxb3 Bc6 16. Nxa5 Rxa5 17. Bxc6 (17. Nb5 {is more complex.} Ra6 18. Bxc6 bxc6 19. Nxc7 Qxc7 20. a4) 17... bxc6 18. Nb5 {[#]} (18. a4 $11 {remains equal.}) 18... Nxb5 (18... Ne6 $1 $17 19. Bxa5 Qxa5) 19. Bxa5 $11 Qxa5 20. cxb5 cxb5 21. Qb3 Rc8 $2 (21... Rb8 $11 {and Black is okay.}) 22. Rfc1 $2 {Accuracy: White = 34%, Black = 30%.} (22. Qxb5 $18 Qd8 23. Rfc1) *

[Event "WJCC U20 Open 2019"]
[Site "New Delhi"]
[Date "2019.10.15"]
[Round "1.3"]
[White "Aravindh, Chithambaram Vr."]
[Black "Wang, Shixu B"]
[Result "1/2-1/2"]
[WhiteElo "2609"]
[BlackElo "2370"]
[Annotator "ChessBase"]
[PlyCount "89"]
[EventDate "2019.10.15"]
[EventType "swiss"]
[EventCountry "IND"]
[SourceTitle "playchess.com"]
[Source "ChessBase"]
[SourceQuality "1"]
[TimeControl "40/5400+30:1800+30"]

1. d4 {[%emt 0:00:00]} Nf6 {[%emt 0:00:00]} 2. c4 {[%emt 0:00:00]} e6 {[%emt 0:00:15]} 3. Nf3 {[%emt 0:00:01]} d5 {[%emt 0:00:44]} 4. Nc3 {[%emt 0:00:10]} Be7 {[%emt 0:00:22]} 5. Bf4 {[%emt 0:00:16]} O-O {[%emt 0:00:58]} 6. a3 {[%emt 0:00:17]} b6 {[%emt 0:03:22]} 7. e3 {[%emt 0:00:17]} Bb7 {[%emt 0:01:05]} 8. cxd5 {[%emt 0:00:19]} Nxd5 {[%emt 0:01:02]} 9. Nxd5 {[%emt 0:00:17]} exd5 {[%emt 0:02:08]} 10. b4 {[%emt 0:00:19]} Nd7 {[%emt 0:10:18]} 11. Bd3 {[%emt 0:00:14]} c6 {[%emt 0:00:56]} 12. Qc2 {[%emt 0:12:41]} h6 {[%emt 0:03:24]} 13. O-O {[%emt 0:10:05]} a5 {[%emt 0:03:59]} 14. b5 {[%emt 0:11:03]} c5 {[%emt 0:04:15]} 15. Bh7+ {[%emt 0:05:11]} Kh8 {[%emt 0:00:02]} 16. Bf5 {[%emt 0:00:08]} c4 {[%emt 0:05:06]} 17. Rfe1 {[%emt 0:06:46]} Nf6 {[%emt 0:11:38]} 18. Ne5 {[%emt 0:03:29]} Nh5 {[%emt 0:05:05]} 19. Bg4 {[%emt 0:11:55]} Nxf4 {[%emt 0:03:06]} 20. exf4 {[%emt 0:00:08]} Bf6 {[%emt 0:06:23]} 21. g3 {[%emt 0:00:59]} Qd6 {[%emt 0:03:21]} 22. Re3 {[%emt 0:02:15]} Bc8 {[%emt 0:05:28]} 23. Bh5 {[%emt 0:12:10]} Ra7 {[%emt 0:05:46]} 24. Rae1 {[%emt 0:03:11]} g6 {[%emt 0:03:22]} 25. Bf3 {[%emt 0:00:34]} Bf5 {[%emt 0:00:28]} 26. Qe2 {[%emt 0:00:39]} Rc7 {[%emt 0:00:22]} 27. Qd2 {[%emt 0:05:10]} Kg7 {[%emt 0:01:33]} 28. h4 {[%emt 0:01:04]} h5 {[%emt 0:00:59]} 29. Bd1 {[%emt 0:00:21]} Re7 {[%emt 0:06:02]} 30. Bc2 {[%emt 0:01:22]} Bxc2 {[%emt 0:00:25]} 31. Qxc2 {[%emt 0:00:06]} Rfe8 {[%emt 0:00:33]} 32. Qe2 {[%emt 0:01:01]} Bxe5 {[%emt 0:06:14]} 33. fxe5 {[%emt 0:00:10]} Qd7 {[%emt 0:02:33]} 34. a4 {[%emt 0:00:27]} Qg4 {[%emt 0:00:43]} 35. Qd2 {[%emt 0:01:02]} f6 {[%emt 0:03:20]} 36. Kg2 {[%emt 0:00:12]} fxe5 {[%emt 0:00:20]} 37. dxe5 {[%emt 0:00:08]} Qe6 {[%emt 0:00:34]} 38. Rf3 {[%emt 0:00:18]} Rf8 {[%emt 0:01:34]} 39. Rf4 Rf6 40. Rxf6 {[%emt 0:13:56] Kf8 Qd4+ Kg7 Re3} Rf7 {[%emt 0:01:28]} 41. Kf1 {[%emt 0:31:18]} Kf8 {[%emt 0:08:33] Ke1 Qf5} 42. f3 {[%emt 0:00:00] Qe6 Kf2} Kg8 {[%emt 0:08:01] Re1 Rc7} 43. Re3 {[%emt 0:00:00] Rf7 Ke2} Kf8 {[%emt 0:00:00] Kd1 Kg8 Kd2 Kf8 Kc3 Kg8} 44. f4 {[%emt 0:00:00] Kf8 Re1} Ke8 {[%emt 0:03:58] Rd1 Qg4 Kc2 Qxg3} 45. Qxd5 {[%emt 0:00:00] Qb3+ Kc1 Qc3+} 1/2-1/2

[Event "WJCC U20 Open 2019"]
[Site "New Delhi"]
[Date "2019.10.15"]
[Round "1.4"]
[White "Raja, Rithvik R"]
[Black "Kollars, Dmitrij"]
[Result "0-1"]
[WhiteElo "2369"]
[BlackElo "2587"]
[Annotator "ChessBase"]
[PlyCount "98"]
[EventDate "2019.10.15"]
[EventType "swiss"]
[EventCountry "IND"]
[SourceTitle "playchess.com"]
[Source "ChessBase"]
[SourceQuality "1"]
[TimeControl "40/5400+30:1800+30"]

1. d4 {[%emt 0:00:00]} Nf6 {[%emt 0:00:00]} 2. c4 {[%emt 0:00:08]} e6 {[%emt 0:00:09]} 3. Nc3 {[%emt 0:00:49]} Bb4 {[%emt 0:00:26]} 4. Qc2 {[%emt 0:00:08]} b6 {[%emt 0:00:46]} 5. e4 {[%emt 0:00:15]} c5 {[%emt 0:00:40]} 6. d5 {[%emt 0:00:06]} Qe7 {[%emt 0:00:52]} 7. Nge2 {[%emt 0:01:35]} exd5 {[%emt 0:01:10]} 8. exd5 {[%emt 0:00:02]} O-O {[%emt 0:00:17]} 9. Bg5 {[%emt 0:10:37]} d6 {[%emt 0:00:57]} 10. O-O-O {[%emt 0:01:17]} Re8 {[%emt 0:10:17]} 11. f3 {[%emt 0:07:42]} h6 {[%emt 0:15:04]} 12. Bd2 {[%emt 0:06:38]} Nbd7 {[%emt 0:02:48]} 13. Ng3 {[%emt 0:01:41]} Qd8 {[%emt 0:04:04]} 14. Be2 {[%emt 0:12:44]} a6 {[%emt 0:05:53]} 15. Kb1 {[%emt 0:02:46]} Ne5 {[%emt 0:03:04]} 16. Rhe1 {[%emt 0:06:24]} Rb8 {[%emt 0:09:39]} 17. f4 {[%emt 0:11:22]} Neg4 {[%emt 0:02:56]} 18. Bxg4 {[%emt 0:01:19]} Bxg4 {[%emt 0:02:14]} 19. Rxe8+ {[%emt 0:00:03]} Nxe8 {[%emt 0:00:23]} 20. Re1 {[%emt 0:00:07]} Qh4 {[%emt 0:02:53]} 21. Nce4 {[%emt 0:10:12]} Bxd2 {[%emt 0:04:43]} 22. Qxd2 {[%emt 0:00:02]} Bd7 {[%emt 0:05:31]} 23. f5 {[%emt 0:05:05]} b5 {[%emt 0:00:40]} 24. cxb5 {[%emt 0:01:08]} Rxb5 {[%emt 0:03:00]} 25. f6 {[%emt 0:04:22]} g6 {[%emt 0:03:56]} 26. a3 {[%emt 0:01:13]} Nxf6 {[%emt 0:01:40]} 27. Nxd6 {[%emt 0:01:00]} Rb6 {[%emt 0:01:22]} 28. Nde4 {[%emt 0:07:13]} Nxe4 {[%emt 0:00:14]} 29. Nxe4 {[%emt 0:00:07]} Bf5 {[%emt 0:00:46]} 30. Qe2 {[%emt 0:03:26]} Qf6 {[%emt 0:01:14]} 31. Qc2 {[%emt 0:00:01]} Qd4 {[%emt 0:00:34]} 32. Ka1 {[%emt 0:00:42]} Bxe4 {[%emt 0:07:36]} 33. Rxe4 {[%emt 0:00:02]} Qxd5 {[%emt 0:00:08]} 34. Re8+ {[%emt 0:00:47]} Kg7 {[%emt 0:01:11]} 35. Qc3+ {[%emt 0:02:58]} Rf6 {[%emt 0:01:19]} 36. Rc8 {[%emt 0:01:01]} g5 37. g4 {[%emt 0:02:24]} Qd1+ {[%emt 0:04:16]} 38. Ka2 {[%emt 0:00:01]} Qxg4 {[%emt 0:00:38]} 39. Rxc5 {[%emt 0:01:27]} Qe6+ {[%emt 0:00:13]} 40. Ka1 {[%emt 0:00:19]} Qe4 {[%emt 0:03:32]} 41. Rc8 {[%emt 0:08:57]} Qe6 {[%emt 0:05:35]} 42. Rc5 {[%emt 0:06:23]} Kg8 {[%emt 0:02:34]} 43. Rc8+ {[%emt 0:02:28]} Kh7 {[%emt 0:00:52]} 44. Qd3+ {[%emt 0:00:06]} Kg7 {[%emt 0:00:47]} 45. Ra8 {[%emt 0:02:08]} Qd6 {[%emt 0:02:02]} 46. Qc4 {[%emt 0:06:35]} Qc6 {[%emt 0:02:46]} 47. Qxc6 {[%emt 0:00:49]} Rxc6 {[%emt 0:00:03]} 48. Ra7 {[%emt 0:00:18]} g4 {[%emt 0:01:06]} 49. b4 {[%emt 0:00:48]} h5 {[%emt 0:01:28]} 0-1

[Event "WJCC U20 Open 2019"]
[Site "New Delhi"]
[Date "2019.10.15"]
[Round "1.5"]
[White "Albornoz Cabrera, Carlos Daniel"]
[Black "Sankalp, Gupta"]
[Result "0-1"]
[WhiteElo "2581"]
[BlackElo "2369"]
[Annotator "TA"]
[PlyCount "76"]
[EventDate "2019.10.15"]
[EventType "swiss"]
[EventCountry "IND"]
[SourceTitle "playchess.com"]
[Source "ChessBase"]
[SourceQuality "1"]

{[%evp 11,76,21,18,6,13,22,14,33,30,1,23,14,14,2,18,0,0,0,0,8,8,10,4,6,6,16,9,5,3,0,0,0,0,0,0,0,0,0,0,0,0,0,0,0,0,-88,-87,-136,-131,-127,-127,-133,-138,-131,-146,-191,-187,-173,-142,-426,-423,-401,-393,-608,-608,-608,-607]} 1. Nf3 Nf6 2. c4 g6 3. Nc3 d5 4. cxd5 Nxd5 5. Qb3 Nb6 6. d4 Bg7 7. Bf4 {D90: Grünfeld: 4 Nf3 Bg7 sidelines} Be6 $146 ({Predecessor:} 7... O-O 8. e3 Be6 9. Qa3 c5 10. Qxc5 Nc6 11. Be2 Rc8 {1-0 (43) Zhou,W (2616)-Robson,R (2628) Ningbo 2013}) 8. Qa3 c5 9. Qxc5 {The position is equal.} Nc6 10. e3 Rc8 11. Qa3 (11. Qb5 {with more complications.} a6 12. Qe2 O-O 13. Qd2 Nb4 14. a3) 11... O-O 12. Be2 Nc4 13. Qa4 Nxb2 14. Qb5 Qb6 15. Qxb6 axb6 16. Rb1 Na5 {[%cal Bc6a5,Ba5c4,Bc4a3][%mdl 32]} 17. Rxb2 {aiming for Kd2.} Rxc3 18. O-O Nc4 19. Rb4 {White wants to play Ng5.} Rc8 20. a4 Rc2 21. Bd3 Rb2 22. Rb1 Rxb1+ 23. Rxb1 Na3 24. Ra1 Rc3 25. Bb5 h6 26. h4 Bd5 27. Be2 Bc6 28. Ne5 (28. Nd2 $11) 28... Bxa4 $17 29. Bf3 b5 {[%cal Bb6b5,Bb5b4][%mdl 32]} 30. Bxb7 b4 31. Be4 e6 32. g4 {[#]} g5 $1 {[%mdl 512]} 33. hxg5 hxg5 34. Bg3 Bf8 35. Nd3 $2 {[%mdl 8192]} (35. d5 $17 {is a better defense.}) 35... Bc2 $19 36. Nc5 b3 37. Rxa3 (37. Nxb3 $142 Bxe4 38. Nc5 Bxc5 39. dxc5) 37... Bxe4 {[%mdl 64] [#] Pin} 38. Kh2 Bxc5 {Accuracy: White = 46%, Black = 100%.} 0-1

[Event "WJCC U20 Open 2019"]
[Site "New Delhi"]
[Date "2019.10.15"]
[Round "1.6"]
[White "Pogosyan, Stefan"]
[Black "Sargsyan, Shant"]
[Result "0-1"]
[WhiteElo "2364"]
[BlackElo "2580"]
[Annotator "ChessBase"]
[PlyCount "48"]
[EventDate "2019.10.15"]
[EventType "swiss"]
[EventCountry "IND"]
[SourceTitle "playchess.com"]
[Source "ChessBase"]
[SourceQuality "1"]
[TimeControl "40/5400+30:1800+30"]

1. d4 {[%emt 0:00:00]} Nf6 2. c4 {[%emt 0:00:00]} e6 {[%emt 0:01:25]} 3. Nf3 {[%emt 0:00:00]} d5 {[%emt 0:02:32]} 4. Nc3 {[%emt 0:00:01]} dxc4 {[%emt 0:00:57]} 5. e3 {[%emt 0:01:30]} a6 {[%emt 0:00:44]} 6. Bxc4 {[%emt 0:01:33]} b5 {[%emt 0:01:09]} 7. Be2 {[%emt 0:00:08]} Bb7 {[%emt 0:01:02]} 8. O-O {[%emt 0:00:13]} Nbd7 {[%emt 0:00:49]} 9. a3 {[%emt 0:05:17]} Bd6 {[%emt 0:13:10]} 10. b4 {[%emt 0:03:21]} O-O {[%emt 0:02:09]} 11. Bb2 {[%emt 0:08:03]} Qe7 {[%emt 0:01:46]} 12. Qc2 {[%emt 0:11:02]} e5 {[%emt 0:05:02]} 13. Nd2 {[%emt 0:05:01]} exd4 {[%emt 0:04:44]} 14. exd4 {[%emt 0:00:07]} Nb6 {[%emt 0:07:50]} 15. Nb3 {[%emt 0:06:37]} Nbd5 {[%emt 0:16:13]} 16. Bf3 {[%emt 0:04:11]} Rae8 {[%emt 0:05:57]} 17. Nc5 {[%emt 0:08:11]} Ba8 {[%emt 0:02:02]} 18. Nxd5 {[%emt 0:04:16]} Bxd5 {[%emt 0:01:23]} 19. Bxd5 {[%emt 0:03:16]} Nxd5 {[%emt 0:00:10]} 20. Qb3 {[%emt 0:05:29]} Qg5 {[%emt 0:07:00]} 21. Nd7 {[%emt 0:07:57]} Re6 {[%emt 0:01:15]} 22. Nxf8 {[%emt 0:08:10]} Bxh2+ {[%emt 0:00:59]} 23. Kxh2 {[%emt 0:01:55]} Rh6+ {[%emt 0:01:00]} 24. Qh3 {[%emt 0:05:17]} Nf4 {[%emt 0:00:14]} 0-1

[Event "WJCC U20 Open 2019"]
[Site "New Delhi"]
[Date "2019.10.15"]
[Round "1.8"]
[White "Parkhov, Yair"]
[Black "Praggnanandhaa, R."]
[Result "0-1"]
[WhiteElo "2350"]
[BlackElo "2567"]
[Annotator "TA"]
[PlyCount "74"]
[EventDate "2019.10.15"]
[EventType "swiss"]
[EventCountry "IND"]
[SourceTitle "playchess.com"]
[Source "ChessBase"]
[SourceQuality "1"]

{[%evp 9,86,0,22,13,11,0,28,13,22,16,31,19,34,37,33,33,31,0,0,0,0,0,0,0,0,-14,0,-46,-46,-41,-29,-41,-50,-34,-34,-41,-29,-43,-35,-41,-33,-47,-25,-77,-75,-83,-32,-55,-52,-83,-92,-110,-106,-112,-115,-115,-105,-117,-123,-166,-166,-164,-162,-227,-217,-213,-212,-310,-321,-304,-275,-414,-414,-414,-414,-400,-397,-418,-394]} 1. d4 Nf6 2. c4 e6 3. Nf3 d5 4. g3 Bb4+ 5. Bd2 Bd6 6. Nc3 {E01: Catalan: Early deviations} O-O 7. Bg2 c6 8. Qb3 {White has an edge.} Nbd7 9. O-O Qe7 10. Rad1 dxc4 11. Qxc4 e5 12. Bg5 h6 13. Bc1 $146 (13. Bxf6 $5 Nxf6 14. dxe5 (14. Nxe5 Bxe5 15. dxe5 Qxe5 $11) 14... Bxe5 15. Nxe5 Qxe5 16. Rd2 $14) ({Predecessor:} 13. Bxf6 Nxf6 14. dxe5 Bxe5 15. Nxe5 Qxe5 {0-1 (50) Pelletier,Y (2557)-Vitiugov,N (2725) Skopje 2015}) 13... e4 {White must now prevent ...Nb6.} (13... Nb6 $5 14. Qb3 $8 exd4 15. Nxd4 Bc5 $11) 14. Nd2 {[%cal Rc3e4]} Nb6 $36 {[%mdl 2048] Black has some pressure.} 15. Qb3 {[%cal Rc3e4]} Bf5 16. f3 exf3 (16... Be6 $5 17. Qc2 $8 exf3 18. Nxf3 Bd5 $11) 17. Nxf3 c5 18. Nb5 c4 19. Qe3 Be4 20. Nxd6 Qxd6 21. Ne5 Bxg2 22. Kxg2 Qd5+ 23. Qf3 Ne4 24. Ng4 Qe6 25. Qf5 Rae8 26. d5 (26. Qxe6 $11 {keeps the balance.} Rxe6 27. d5) 26... Qxf5 $17 27. Rxf5 c3 (27... Nd6 $17 28. Re5 Rxe5 29. Nxe5 Re8) 28. d6 Re6 29. Re5 Rxd6 30. Rxd6 cxb2 31. Bxb2 Nxd6 32. Bd4 Nbc4 33. Re7 Nf5 34. Rd7 Re8 35. Bxa7 Rxe2+ {[%mdl 64] [#] Double Attack} 36. Nf2 (36. Kf3 $142 Rxa2 37. Rxb7) 36... b6 $19 ({But not} 36... Rxa2 37. Rxb7 Ne5 38. Rc7) 37. a4 g5 {Played: Re2-a2} 0-1

[Event "WJCC U20 Open 2019"]
[Site "New Delhi"]
[Date "2019.10.15"]
[Round "1.9"]
[White "Hakobyan, Aram"]
[Black "Eugene, Floryan"]
[Result "1-0"]
[WhiteElo "2561"]
[BlackElo "2346"]
[Annotator "ChessBase"]
[PlyCount "41"]
[EventDate "2019.10.15"]
[EventType "swiss"]
[EventCountry "IND"]
[SourceTitle "playchess.com"]
[Source "ChessBase"]
[SourceQuality "1"]
[TimeControl "40/5400+30:1800+30"]

1. e4 {[%emt 0:00:00]} e5 {[%emt 0:00:01]} 2. Nf3 {[%emt 0:00:00]} Nc6 {[%emt 0:00:20]} 3. Bb5 {[%emt 0:00:00]} a6 {[%emt 0:01:03]} 4. Ba4 {[%emt 0:00:00]} d6 {[%emt 0:01:40]} 5. O-O {[%emt 0:00:00]} Bg4 {[%emt 0:04:06]} 6. h3 {[%emt 0:00:13]} h5 {[%emt 0:00:06]} 7. c3 {[%emt 0:05:17]} Qf6 {[%emt 0:04:30]} 8. d3 {[%emt 0:00:14]} Nge7 {[%emt 0:05:41]} 9. hxg4 {[%emt 0:08:49]} hxg4 {[%emt 0:01:29]} 10. Ng5 {[%emt 0:00:11]} Qh6 {[%emt 0:08:36]} 11. f4 {[%emt 0:21:16]} Qh4 {[%emt 0:26:21]} 12. Qb3 {[%emt 0:04:32]} f6 {[%emt 0:02:53]} 13. Qxb7 {[%emt 0:02:26]} Kd7 {[%emt 0:01:39]} 14. fxe5 {[%emt 0:08:12]} dxe5 {[%emt 0:25:45]} 15. d4 {[%emt 0:25:47]} fxg5 {[%emt 0:10:51]} 16. d5 {[%emt 0:00:19]} Qh2+ {[%emt 0:01:01]} 17. Kf2 {[%emt 0:00:02]} Rh6 {[%emt 0:01:51]} 18. dxc6+ {[%emt 0:02:13]} Ke6 {[%emt 0:00:34]} 19. Bb3+ {[%emt 0:00:50]} Kf6 {[%emt 0:00:31]} 20. Qxa8 {[%emt 0:00:12]} Rh8 {[%emt 0:00:26]} 21. Qe8 {[%emt 0:00:33]} 1-0